devine le drapeau - Statistiques

Statistiques générales
  • Ce quiz a été pris 253 fois
  • Le résultat moyen est 14 sur 16
Statistiques - réponses
Par images Réponse % Correct
allemagne
99%
belgique
99%
brésil
99%
etats-unis/usa
99%
france
99%
espagne
98%
italie
98%
portugal
98%
grèce
96%
algérie
95%
pays-bas
89%
croatie
88%
jamaïque
87%
chypre
80%
pays-de-galles
59%
irelande
22%
Aucun quiz correspondant
Distribution des résultats
% des personnes avec chaque résultat
Percentile par nombre de réponses
Votre historique - résultats
Vous n’avez pas pris ce quiz